<?xml version="1.0" encoding="UTF-8"?>
<record
    xmlns:xsi="http://www.w3.org/2001/XMLSchema-instance"
    xsi:schemaLocation="http://www.loc.gov/MARC21/slim http://www.loc.gov/standards/marcxml/schema/MARC21slim.xsd"
    xmlns="http://www.loc.gov/MARC21/slim">

  <leader>02860cam a22003258i 4500</leader>
  <controlfield tag="001">22389265</controlfield>
  <controlfield tag="003">OSt</controlfield>
  <controlfield tag="005">20230823123756.0</controlfield>
  <controlfield tag="008">220120s2022    enk      b    001 0 eng  </controlfield>
  <datafield tag="010" ind1=" " ind2=" ">
    <subfield code="a">  2022002489</subfield>
  </datafield>
  <datafield tag="020" ind1=" " ind2=" ">
    <subfield code="a">9781032450353</subfield>
  </datafield>
  <datafield tag="020" ind1=" " ind2=" ">
    <subfield code="a">9780367444754</subfield>
    <subfield code="q">(paperback)</subfield>
  </datafield>
  <datafield tag="020" ind1=" " ind2=" ">
    <subfield code="z">9781003009498</subfield>
    <subfield code="q">(ebook)</subfield>
  </datafield>
  <datafield tag="040" ind1=" " ind2=" ">
    <subfield code="a">DLC</subfield>
    <subfield code="b">eng</subfield>
    <subfield code="e">rda</subfield>
    <subfield code="c">DLC</subfield>
  </datafield>
  <datafield tag="042" ind1=" " ind2=" ">
    <subfield code="a">pcc</subfield>
  </datafield>
  <datafield tag="050" ind1="0" ind2="0">
    <subfield code="a">HF5415.1265</subfield>
    <subfield code="b">.S615 2022</subfield>
  </datafield>
  <datafield tag="082" ind1="0" ind2="0">
    <subfield code="a">658.872</subfield>
    <subfield code="b">CHA/D</subfield>
  </datafield>
  <datafield tag="100" ind1="1" ind2=" ">
    <subfield code="a">Chaffey, Dave,</subfield>
    <subfield code="d">1963-</subfield>
    <subfield code="e">author.</subfield>
    <subfield code="9">9345</subfield>
  </datafield>
  <datafield tag="245" ind1="1" ind2="0">
    <subfield code="a">Digital marketing excellence :</subfield>
    <subfield code="b">planning, optimizing and integrating online marketing /</subfield>
    <subfield code="c">Dave Chaffey and PR Smith.</subfield>
  </datafield>
  <datafield tag="250" ind1=" " ind2=" ">
    <subfield code="a">6th edition.</subfield>
  </datafield>
  <datafield tag="263" ind1=" " ind2=" ">
    <subfield code="a">2207</subfield>
  </datafield>
  <datafield tag="264" ind1=" " ind2="1">
    <subfield code="a">Milton Park, Abingdon, Oxon ;</subfield>
    <subfield code="a">New York, NY :</subfield>
    <subfield code="b">Routledge,</subfield>
    <subfield code="c">2022.</subfield>
  </datafield>
  <datafield tag="300" ind1=" " ind2=" ">
    <subfield code="a">638 page</subfield>
  </datafield>
  <datafield tag="504" ind1=" " ind2=" ">
    <subfield code="a">Includes bibliographical references and index.</subfield>
  </datafield>
  <datafield tag="520" ind1=" " ind2=" ">
    <subfield code="a">"Now in its sixth edition, the hugely popular Digital Marketing Excellence is a practical guide to creating and executing integrated digital marketing plans, combining established approaches to marketing planning with the creative use of new digital models and digital tools. Written by two highly experienced digital marketing consultants, the book shows you how to: Draw up an outline integrated digital marketing plan Evaluate and apply digital marketing principles and models Integrate online and offline communications Implement customer-driven digital marketing as part of digital transformation Reduce costly trial and error  Measure and enhance your digital marketing Learn best practices for reaching and engaging your audiences using the key digital marketing platforms. This new edition has been streamlined to seamlessly integrate the latest developments in digital analytics, ethics and privacy, Predictive Analytics, Machine Learning and Artificial Intelligence. Including new international case studies and up-to-date examples throughout, this book cuts through the jargon to show marketers how to leverage data and digital technologies to their advantage. Offering a highly structured and accessible guide to a critical and far-reaching subject, Digital Marketing Excellence, 6th edition, provides a vital reference point for all digital marketing students, and managers involved in digital marketing strategy and implementation. Online resources have been fully updated for the new edition and include a new set of PowerPoint slides and a full test bank of questions and exercises"--</subfield>
    <subfield code="c">Provided by publisher.</subfield>
  </datafield>
  <datafield tag="650" ind1=" " ind2="0">
    <subfield code="a">Internet marketing.</subfield>
  </datafield>
  <datafield tag="700" ind1="1" ind2=" ">
    <subfield code="a">Smith, P. R.</subfield>
    <subfield code="q">(Paul Russell),</subfield>
    <subfield code="d">1957-</subfield>
    <subfield code="e">author.</subfield>
  </datafield>
  <datafield tag="776" ind1="0" ind2="8">
    <subfield code="i">Online version:</subfield>
    <subfield code="a">Chaffey, Dave, 1963-</subfield>
    <subfield code="t">Digital marketing excellence.</subfield>
    <subfield code="b">6th edition</subfield>
    <subfield code="d">Milton Park, Abingdon, Oxon ; New York, NY : Routledge, 2022</subfield>
    <subfield code="z">9781003009498</subfield>
    <subfield code="w">(DLC) 2022002490</subfield>
  </datafield>
  <datafield tag="942" ind1=" " ind2=" ">
    <subfield code="2">ddc</subfield>
    <subfield code="c">BK</subfield>
    <subfield code="h">658.872</subfield>
    <subfield code="i">CHA/D</subfield>
    <subfield code="k">658.872</subfield>
    <subfield code="m">CHA/D</subfield>
  </datafield>
  <datafield tag="952" ind1=" " ind2=" ">
    <subfield code="0">0</subfield>
    <subfield code="1">0</subfield>
    <subfield code="2">ddc</subfield>
    <subfield code="4">0</subfield>
    <subfield code="7">0</subfield>
    <subfield code="8">MANAGEMENT</subfield>
    <subfield code="a">MES</subfield>
    <subfield code="b">MES</subfield>
    <subfield code="c">MANAGEMENT</subfield>
    <subfield code="d">2023-08-24</subfield>
    <subfield code="l">3</subfield>
    <subfield code="m">5</subfield>
    <subfield code="o">658.872 CHA/D</subfield>
    <subfield code="p">42174</subfield>
    <subfield code="r">2024-12-13 14:09:52</subfield>
    <subfield code="s">2024-12-04</subfield>
    <subfield code="v">1150.00</subfield>
    <subfield code="w">2023-08-24</subfield>
    <subfield code="y">BK</subfield>
    <subfield code="z">GL53R4</subfield>
  </datafield>
  <datafield tag="999" ind1=" " ind2=" ">
    <subfield code="c">41968</subfield>
    <subfield code="d">41968</subfield>
  </datafield>
</record>
